000 00341nam a22001337a 4500
020 _a969-416-211-001
082 _a297.09
_bNAD
_cl31-p31
100 _aMoeen-Ud-Din Nadvi
_937290
245 _aTareekh-e-Islam
_cMoeen-Ud-Din Nadvi
300 _a627 p.
526 _a0
_b0
_c0
_d297_090000000000000_NAD
650 _aMCE
_9379
942 _2ddc
_cBK
999 _c542196
_d542196